Moctezuma / (Registro nro. 14266)

Detalles MARC
000 -LIDER
fixed length control field 00944njm a2200349 c 4500
001 - NÚMERO DE CONTROL
Identificador de número de control
003 - IDENTIFICACDOR DE NÚMERO DE CONTROL
control field DO-SdBNP
005 - DATE AND TIME OF LATEST TRANSACTION
control field 20220916134413.0
008 - ELEMENTOS DE LONGITUD FIJA
fixed length control field 160127s 2008 sp d spa
015 ## - NÚMERO DENTRO DE LA BIBLIOGRAFÍA NACIONAL
National bibliography number
017 ## - NÚMERO DE REGISTRO DE DERECHOS DE AUTOR
Copyright or legal deposit number
Assigning agency
020 ## - ISBN
International Standard Book Number 9788497645720
035 ## - NÚMERO LOCAL
System control number
040 ## - FUENTE DE CATALOGACIÓN
Agencia que crea de manera original el registro BPMSU
Idioma de catalogación spa
Agencia que realiza la transcripción BPMSU
Convenciones de la despripción
082 ## - NÚMERO DE CLASIFICACIÓN DECIMAL DE DEWEY
Classification number 923.172
Item number M688C 2005
Edition number 22
084 ## - OTRO NÚMERO DE CLASIFICACIÓN
Classification number
Number source
100 1# - ASIENTO PRINCIPAL -- NOMBRE PERSONAL
Nombre personal Cruz García, Álvaro.
Fechas asociadas con el nombre
Término de relación
240 10 - TITULO UNIFORME
Título uniforme
Número de la parte o sección de una obra
Clave musical
245 10 - MENCIÓN DE TITULO
Título Moctezuma /
Mención de responsabilidad Álvaro Cruz García.
260 ## - PUBLICACIÓN, DISTRIBUCIÓN, ETC. (PIE DE IMPRENTA)
Lugar de publicación, distribución, etc Madrid :
Nombre del editor, distribuidor, etc. Edimat Libros,
Fecha de publicación, distribución, etc 2008
300 ## - DESCRIPCIÓN FÍSICA
Extensión 191 p. ;
Dimensiones 23 cm.
Material complementario
Otros detalles físicos
490 0# - MENCIÓN DE SERIES
Mención de serie Grandes biografías
500 ## - NOTA GENERAL
Nota general Incluye cronología.
500 ## - NOTA GENERAL
Nota general Glosario : p. 193-198.
504 ## - NOTA DE BIBLIOGRAFÍA, ETC.
Bibliography, etc Bibliografía. p.: 183-184
505 0# - NOTA DE CONTENIDO
Texto normalizado de contenido
590 ## - NOTA LOCAL
Enlace Inventariado, 2022/VM
600 14 - ENCABEZAMIENTO DE MATERIA--NOMBRE PERSONAL
Nombre personal Moctezuma,
Numeración II
Fechas asociadas con el nombre 1466-1520.
Títulos u otras palabras asociadas con el nombre Emperador de México,
Subdivisión de forma
651 #4 - ENCABEZAMIENTO DE MATERIA--NOMBRE GEOGRÁFICO
Nombre geográfico México
Subdivisión temática general Historia
Subdivisión cronológica 1467-1520.
910 ## - VALIDACIÓN
Validación VMateo V./Validado
942 ## - ADDED ENTRY ELEMENTS (KOHA)
Source of classification or shelving scheme Dewey Decimal Classification
Koha item type Libros
Existencias
Withdrawn status Lost status Source of classification or shelving scheme Damaged status Not for loan Collection code Home library Current library Date acquired Total Checkouts Full call number Barcode Date last seen Price effective from Koha item type
    Dewey Decimal Classification     Colección General Biblioteca Pública Metropolitana Salomé Ureña Biblioteca Pública Metropolitana Salomé Ureña 09/16/2022   BPMSU CG 923.172 M688C 2008 BPMSU22090027 09/16/2022 09/16/2022 Libros